Statistiche per Capitali del Mondo

Clicka qui per fare il quiz!

Statistiche generali

  • Questo quiz è stato fatto 14.808 volte
  • Il punteggio medio è 81 su 196

Statistiche sulle risposte

PaeseCapitale% Corretto
ItaliaRoma
97%
FranciaParigi
95%
GermaniaBerlino
94%
SpagnaMadrid
93%
RussiaMosca
92%
Regno UnitoLondra
92%
Città del VaticanoCittà del Vaticano
91%
GreciaAtene
91%
AustriaVienna
90%
PortogalloLisbona
89%
IrlandaDublino
88%
Paesi BassiAmsterdam
87%
San MarinoSan Marino
87%
NorvegiaOslo
87%
MonacoMonaco
86%
BelgioBruxelles
86%
AlbaniaTirana
85%
GiapponeTokyo
85%
Stati UnitiWashington
83%
CinaPechino
82%
UcrainaKiev
82%
DanimarcaCopenaghen
81%
UngheriaBudapest
81%
BulgariaSofia
81%
RomaniaBucarest
81%
FinlandiaHelsinki
81%
LussemburgoLussemburgo
81%
SvizzeraBerna
79%
Repubblica CecaPraga
79%
PoloniaVarsavia
78%
BrasileBrasília
77%
SveziaStoccolma
77%
LettoniaRiga
74%
MessicoCittà del Messico
74%
MaltaLa Valletta
74%
ArgentinaBuenos Aires
72%
CroaziaZagabria
71%
Bosnia ed
Erzegovina
Sarajevo
71%
CanadaOttawa
69%
Corea del SudSeul
69%
IndiaNuova Delhi
68%
EstoniaTallinn
68%
IslandaReykjavík
68%
EgittoIl Cairo
68%
BielorussiaMinsk
67%
IsraeleGerusalemme
65%
AustraliaCanberra
63%
SerbiaBelgrado
62%
AlgeriaAlgeri
61%
AndorraAndorra
la Vella
61%
TurchiaAnkara
61%
SloveniaLubiana
59%
SingaporeSingapore
59%
CubaL'Avana
58%
PerùLima
58%
LituaniaVilnius
57%
TunisiaTunisi
56%
LiechtensteinVaduz
55%
Macedonia del NordSkopje
54%
AfghanistanKabul
54%
PanamaPanama
54%
SlovacchiaBratislava
54%
ColombiaBogotà
53%
CileSantiago
52%
Emirati Arabi UnitiAbu Dhabi
52%
IraqBaghdad
51%
Corea del NordPyongyang
51%
SudafricaPretoria,
Città del Capo,
o Bloemfontein
50%
VenezuelaCaracas
50%
UruguayMontevideo
49%
FilippineManila
49%
CiproNicosia
49%
IranTeheran
48%
AzerbaigianBaku
46%
MoldaviaChișinău
46%
IndonesiaGiacarta
46%
ThailandiaBangkok
46%
MaroccoRabat
45%
SiriaDamasco
44%
KosovoPristina
44%
MontenegroPodgorica
44%
LibanoBeirut
43%
Arabia SauditaRiad
42%
KenyaNairobi
42%
BoliviaLa Paz / Sucre
42%
Nuova ZelandaWellington
42%
EcuadorQuito
41%
Repubblica
Dominicana
Santo Domingo
41%
Saint Vincent e
Grenadine
Kingstown
40%
LibiaTripoli
40%
GiamaicaKingston
40%
El SalvadorSan Salvador
40%
TaiwanTaipei
38%
GeorgiaTbilisi
38%
PakistanIslamabad
37%
BangladeshDacca
37%
MongoliaUlan Bator
36%
KuwaitKuwait
36%
VietnamHanoi
36%
QatarDoha
35%
MalesiaKuala Lumpur
35%
KazakistanNursultan
33%
EtiopiaAddis Abeba
33%
ArmeniaErevan
33%
GiordaniaAmman
33%
MaldiveMalé
32%
NepalKathmandu
32%
GuatemalaCittà del
Guatemala
32%
ParaguayAsunción
32%
MadagascarAntananarivo
32%
HaitiPort-au-Prince
29%
YemenSana'a
28%
Costa RicaSan José
28%
SenegalDakar
28%
GhanaAccra
26%
SomaliaMogadiscio
26%
GibutiGibuti
26%
GuyanaGeorgetown
25%
HondurasTegucigalpa
25%
NicaraguaManagua
25%
BahamasNassau
25%
LaosVientiane
24%
CambogiaPhnom Penh
24%
AngolaLuanda
24%
Guinea-BissauBissau
23%
BahreinManama
22%
SurinameParamaribo
22%
Repubblica
del Congo
Brazzaville
21%
EritreaAsmara
21%
BhutanThimphu
21%
Repubblica
Democratica
del Congo
Kinshasa
21%
BelizeBelmopan
21%
Trinidad e TobagoPort of Spain
21%
OmanMascate
21%
São Tomé e PríncipeSão Tomé
21%
Sri LankaSri
Jayawardenepura
Kotte
20%
UzbekistanTashkent
20%
Sierra LeoneFreetown
20%
Timor EstDili
20%
BotswanaGaborone
19%
CamerunYaoundé
19%
Capo VerdePraia
19%
Burkina FasoOuagadougou
19%
NigeriaAbuja
19%
GabonLibreville
19%
Antigua e BarbudaSaint John's
19%
BarbadosBridgetown
18%
BruneiBandar Seri
Begawan
18%
LiberiaMonrovia
17%
TurkmenistanAshgabat
17%
SeychellesVictoria
17%
MozambicoMaputo
17%
KirghizistanBishkek
17%
BeninPorto-Novo /
Cotonou
17%
CiadN'Djamena
17%
ComoreMoroni
17%
Papua Nuova GuineaPort Moresby
17%
SudanKhartum
17%
FigiSuva
17%
DominicaRoseau
17%
TagikistanDušanbe
16%
ZimbabweHarare
16%
GrenadaSaint George's
16%
MyanmarNaypyidaw
15%
TogoLomé
15%
Saint Kitts e NevisBasseterre
15%
UgandaKampala
14%
GuineaConakry
14%
MaliBamako
14%
Costa d'AvorioYamoussoukro
14%
RuandaKigali
14%
Saint LuciaCastries
14%
Repubblica
Centrafricana
Bangui
13%
GambiaBanjul
13%
MauritiusPort Louis
13%
LesothoMaseru
13%
Sudan del SudGiuba
13%
NamibiaWindhoek
13%
SamoaApia
13%
ZambiaLusaka
13%
TanzaniaDodoma
13%
TuvaluFunafuti
12%
BurundiGitega
12%
VanuatuPort Vila
12%
Guinea EquatorialeMalabo
12%
NigerNiamey
12%
SwazilandMbabane
12%
MalawiLilongwe
12%
Isole SalomoneHoniara
11%
KiribatiSud Tarawa
11%
MauritaniaNouakchott
11%
NauruYaren
11%
Stati Federati di
Micronesia
Palikir
11%
Isole MarshallMajuro
10%
TongaNukuʻalofa
10%
PalauNgerulmud
9%

Distribuzione punteggi

Percentile per numero di risposta

Percentuale di utenti per punteggio

I tuoi punteggi nel tempo

Non hai fatto questo quiz